Introduction to computer organization and data structures, PDP-11 edition /
Guardado en:
| Autor Principal: | |
|---|---|
| Otros Autores: | |
| Formato: | Libro |
| Idioma: | English |
| Publicado: |
New York :
McGraw-Hill,
[1975]
|
| Series: | McGraw-Hill computer science series
|
| Materias: | |
| Etiquetas: |
Agregar Etiqueta
Sin Etiquetas, Sea el primero en etiquetar este registro!
|
| LEADER | 00847pam a2200253 a 4500 | ||
|---|---|---|---|
| 001 | MAT.inmabb005974 | ||
| 008 | 741106s1975####nyua#####b####001#0#eng## | ||
| 005 | 20170522175026.0 | ||
| 245 | 1 | 0 | |a Introduction to computer organization and data structures, PDP-11 edition / |c Harold S. Stone, Daniel P. Siewiorek. |
| 260 | |a New York : |b McGraw-Hill, |c [1975] | ||
| 300 | |a xvi, 368 p. : |b il. ; |c 24 cm. | ||
| 490 | 0 | |a McGraw-Hill computer science series | |
| 504 | |a Bibliografía: p. 351-353. | ||
| 500 | |a Incluye índices. | ||
| 510 | 4 | |a MR, |c *REVIEW #* | |
| 020 | |a 0070617201 | ||
| 100 | 1 | |a Stone, Harold S., |d 1938- | |
| 700 | 1 | |a Siewiorek, Daniel P. | |
| 084 | |a 68-XX |2 msc2000 | ||
| 650 | 0 | |a PDP-11 (Computer) |x Programming. | |
| 084 | |a *CODIGO* |2 MR | ||
| 010 | |a 74026622 | ||
| 040 | |a DLC |c DLC |d DLC | ||
| 859 | |h 68 |i St877c |p A-4800 |b BIB. MATEMATICA | ||
